[Event "Cannes Martinez op"]
[Site "Cannes"]
[Date "1996.??.??"]
[Round "7"]
[White "Dei, A."]
[Black "Sereno, Philippe"]
[Result "1/2-1/2"]
[WhiteElo "1950"]
[BlackElo "2150"]
[PlyCount "36"]
[EventDate "1996.08.??"]
[EventType "swiss"]
[EventRounds "9"]
[EventCountry "FRA"]
[SourceTitle "EXT 1998"]
[Source "ChessBase"]
[SourceDate "1997.11.17"]
[SourceVersion "1"]
[SourceVersionDate "1997.11.17"]
[SourceQuality "1"]

1. d4 Nf6 2. c4 c5 3. Nf3 cxd4 4. Nxd4 e5 5. Nc2 Nc6 6. Nc3 Bc5 7. e4 Qb6 8. Ne3 0-0 9. Bd3 d6 10. b3 Bb4 11. Bd2 Qa5 12. Rc1 Nd4 13. Bb1 Be6 14. 0-0 Qd8 15. Bd3 Ba3 16. Rb1 Bc5 17. Ne2 a5 18. Bc3 Nc6 1/2-1/2